Quick Pick: 2000s Authors Quiz Stats

 Plays Quiz Updated Sep 3, 2016

Challenge
Share
Tweet
Embed
Score 0/10 Timer 01:00
0 Plays Today
% Correct
J.K. Rowling
97.3%
Dan Brown
94%
Stephenie Meyer
86.4%
Stieg Larsson
84.2%
Suzanne Collins
83.6%
Khaled Hosseini
77.8%
Cormac McCarthy
75.6%
Yann Martel
66%
Audrey Niffenegger
59.5%
Markus Zusak
58.1%

Today's Daily Dose

You're not logged in!

Compare scores with friends on all Sporcle quizzes.
Join for Free
OR
Log In

You Might Also Like...

Show Comments

Extras

Top Quizzes Today


Score Distribution

Your Account Isn't Verified!

In order to create a playlist on Sporcle, you need to verify the email address you used during registration. Go to your Sporcle Settings to finish the process.

Report this User

Report this user for behavior that violates our Community Guidelines.

Details: